000 00842nam a22002537a 4500
999 _c5725
_d5725
003 AR-CdUCM
008 190313b ||||| |||| 00| 0 spa d
040 _aMUNICIPALIDAD PROVINCIAL DEL CUSCO
_cBIBLIOTECA MUNICIPAL DEL CUSCO
082 _a985.009 /
_bH84
245 _aHuascar; Atahuallpa /
_cMedardo Purizaga; Franklin Pease G.Y.
260 _aLima :
_bUniversitaria,
_c1964.
300 _a143 páginas ;
_c19 cm.
440 _aBiblioteca hombres del Perú
_nXI
_917047
440 _aSegunda serie
_916781
500 _aDonación de la familia Nieto.
650 _aBiografías
_9148
650 _aHuascar
_94981
650 _aAtahuallpa
_97529
650 _aHombres del Perú - Biografías - Incas
_917048
700 _aPurizaga, Medardo
_98674
700 _aPease G.Y., Franklin
_91834
942 _2ddc
_cLIBROS
945 _alccs